| 000 | 00520cam a2200181ua 4500 | ||
|---|---|---|---|
| 001 | 6016 | ||
| 008 | 131031n ii |||gr||||Z||||||eng | ||
| 020 | _a81 207 1650 5 | ||
| 040 | _cMAIN | ||
| 082 | _a950 | ||
| 100 |
_aBeri,Kailash K, _eAuthor. |
||
| 245 |
_aHistory and Culture of South East Asia : _bModern / _cby Kailash K. Beri . |
||
| 260 |
_aNew Delhi: _bSterling Publishers, _c1994. |
||
| 300 | _av,333p. | ||
| 653 | _aHistory of Asia Far East | ||
| 653 | _aHistory and Culture of South East Asia | ||
| 942 | _cBK | ||
| 999 |
_c5169 _d5169 |
||